00270nam a22000977a 4500100001000000100001100010245007000021260003000091300000900121700004200130 aFahad a03IT13 aSecure Electronic Commerce with Set Protocol on Bison Simulator  aNawabshah:bQUEST,c2003. a65p. aDepartment of Mechanical Engineering